000 01631nam a22002177a 4500
999 _c63651
_d63651
003 Ge_BSU
005 20251121205645.0
008 251121s2025 ge ||||| |||| 00| 0 geo d
020 _a9789941839047
041 _ageo
080 _a502(072.3) გ-21
245 _aგარემოსდაცვითი და აგრარული განათლება სკოლაში : დამხმარე სახელმძღვანელო ზოგადი განათლების დაწყებითი საფეხურის მასწავლებლებისთვის :
_b[8 წიგნად]. წიგნი 2, ბიომრავალფეროვნების დაცვა /
_cსახელმძღვანელოს შექმნაზე მუშაობდნენ: მაია ბლიაძე, თეონა შუბლაძე, ნათია სარალიძე, მარიამ არჩუაძე; დიზაინერი თამარ გორჯოლაძე.
264 _aთბილისი,
_c2025.
300 _a146 გვ. :
_bილ. ;
_c30 სმ.
700 _aბლიაძე, მაია
_eავტორი
_93279
700 _aშუბლაძე, თეონა
_eავტორი
_926287
700 _aსარალიძე, ნათია
_eავტორი
_926288
700 _aარჩუაძე, მარიამ
_eავტორი
_926289
700 _aგორჯოლაძე, თამარ
_e დიზაინერი
_926290
942 _2udc
_cᲬᲘᲒᲜᲘ